A review of methods to characterize rubber elastic behaviour for use in finite element analysis (Record no. 53559)

MARC details
000 -LEADER
fixed length control field 00467nam a2200157Ia 4500
100 ## - MAIN ENTRY--AUTHOR NAME
Personal name Charlton D J
245 #2 - TITLE STATEMENT
Title A review of methods to characterize rubber elastic behaviour for use in finite element analysis
260 ## - PUBLICATION, DISTRIBUTION, ETC. (IMPRINT)
Name of publisher Rubber Chemistry and Technology
Year of publication 1994
300 ## - PHYSICAL DESCRIPTION
Number of Pages 481-503
650 ## - SUBJECT ADDED ENTRY--TOPICAL TERM
Topical Term Finite element analysis
650 ## - SUBJECT ADDED ENTRY--TOPICAL TERM
Topical Term Rubber elasticity
700 ## - ADDED ENTRY--PERSONAL NAME
Personal name Teh K K
700 ## - ADDED ENTRY--PERSONAL NAME
Personal name Yang Y
942 ## - ADDED ENTRY ELEMENTS (KOHA)
Koha item type Journals
Holdings
Withdrawn status Lost status Damaged status Not for loan Home library Current library Shelving location Date acquired Serial Enumeration / chronology Koha item type
      Journals RRII Library RRII Library Rubber chemistry 17/12/2021 Volume 67, Issue 3 Journals